50 największych miast Europy Środkowo-Wschodniej - Statystyki

Ogólne statystyki
  • Ten quiz został rozwiązany 391 razy
  • Średni wynik to 28 z 50
Statystyki odpowiedzi
lp. Populacja Miasta % Poprawnych
5 1 769 529 Warszawa
98%
2 2 933 537 Kijów
95%
15 769 498 Kraków
91%
9 1 280 508 Praga
89%
32 464 829 Gdańsk
87%
21 639 258 Wrocław
87%
3 1 974 819 Mińsk
86%
34 432 801 Bratysława
85%
4 1 883 425 Bukareszt
84%
6 1 729 040 Budapeszt
83%
28 537 643 Poznań
82%
26 545 280 Wilno
82%
18 687 702 Łódź
81%
17 724 713 Lwów
79%
22 632 614 Ryga
77%
8 1 451 028 Charków
76%
50 339 811 Lublin
76%
1 3 748 148 Berlin
75%
38 403 274 Szczecin
74%
7 1 659 440 Belgrad
72%
10 1 208 097 Sofia
71%
14 790 017 Zagrzeb
68%
46 351 254 Bydgoszcz
64%
11 1 014 255 Odessa
64%
13 953 217 Donieck
61%
29 537 478 Skopje
56%
39 395 133 Sarajewo
55%
37 404 820 Brno
54%
19 671 800 Kiszyniów
54%
24 616 396 Tirana
47%
12 1 000 700 Dniepr
45%
27 543 825 Drezno
41%
47 347 576 Brześć
37%
42 370 919 Grodno
37%
25 560 472 Lipsk
36%
23 623 135 Helsinki
33%
16 761 606 Zaporoże
31%
30 535 229 Homel
29%
40 381 388 Nowy Sad
29%
20 652 854 Krzywy Róg
25%
35 425 848 Ługańsk
25%
33 458 533 Mariupol
24%
36 418 987 Sewastopol
24%
31 485 064 Mikołajów
19%
43 370 298 Witebsk
18%
49 340 000 Płowdiw
16%
41 380 440 Mohylew
15%
44 370 063 Winnica
13%
48 341 799 Symferopol
6%
45 351 820 Makijewka
0%
Nie znaleziono quizów pasujących do podanych kryteriów
Rozkład punktacji
Procent ludzi z każdym wynikiem
Percentyl według liczby udzielonych odpowiedzi
Twoja historia wyników
Nie rozwiązałeś tego quizu